000 00591nam a2200241 a 4500
001 nice12345678
003 IN_TiNIC
005 20260116011438.0
008 050524s1960 lona grp 000 0 eng
020 _a
_c100
082 0 0 _a220.1
_bHOD
100 _aHodgson, L
245 _aOn the Authority of the Bible
_b Some Recent Studies.
260 _aLondon
_bSpck
_c1960
300 _a96p
500 _aincludes index and biblioraphy
505 2 _aReference
650 _aBible-Evidences and Authority
700 1 _aHodgson, L
902 _bSRS
942 _cBK
999 _c1598
_d1598